Online
Catalog

El dilema de américa latina : (Record no. 20792)

MARC details
000 -CABECERA
campo de control de longitud fija 00757nam a2200217 a 4500
001 - NÚMERO DE CONTROL
campo de control 000021292
005 - FECHA Y HORA DE LA ÚLTIMA TRANSACCIÓN
campo de control 20200930011304.0
008 - DATOS DE LONGITUD FIJA--INFORMACIÓN GENERAL
campo de control de longitud fija 100903s1980 mx r 000 | spa d
040 ## - FUENTE DE LA CATALOGACIÓN
Centro catalogador/agencia de origen DO-SdBNP
Lengua de catalogación spa
Centro/agencia transcriptor BNPHU
082 ## - NÚMERO DE LA CLASIFICACIÓN DECIMAL DEWEY
Número de clasificación 330.98
Número de documento/Ítem R484d, 1980
049 ## - FONDOS LOCALES (OCLC)
Fondos de biblioteca BNGR
100 1# - ENTRADA PRINCIPAL--NOMBRE DE PERSONA
Nombre de persona Ribeiro, Darcy
9 (RLIN) 44495
245 13 - MENCIÓN DE TÍTULO
Título El dilema de américa latina :
Resto del título estructuras de poder y fuerzas insurgentes /
Mención de responsabilidad, etc. Darcy Ribeiro.
250 ## - MENCIÓN DE EDICIÓN
Mención de edición 9a ed.
260 ## - PUBLICACIÓN, DISTRIBUCIÓN, ETC.
Lugar de publicación, distribución, etc. México D. F. :
Nombre del editor, distribuidor, etc. Siglo Veintiuno Editores,
Fecha de publicación, distribución, etc. 1980.
300 ## - DESCRIPCIÓN FÍSICA
Extensión 358 p. ;
Dimensiones 18 cm.
500 ## - NOTA GENERAL
Nota general Incluye referencias bibliográficas
650 #4 - PUNTO DE ACCESO ADICIONAL DE MATERIA--TÉRMINO DE MATERIA
Término de materia o nombre geográfico como elemento de entrada América latina
Subdivisión general Condiones económica
9 (RLIN) 44496
650 #4 - PUNTO DE ACCESO ADICIONAL DE MATERIA--TÉRMINO DE MATERIA
Término de materia o nombre geográfico como elemento de entrada América latina
Subdivisión general Condiciones sociales
9 (RLIN) 31098
650 #4 - PUNTO DE ACCESO ADICIONAL DE MATERIA--TÉRMINO DE MATERIA
Término de materia o nombre geográfico como elemento de entrada América latina
Subdivisión general Política y gobierno
9 (RLIN) 44497
Holdings
Estado de retiro Estado de pérdida Restricciones de uso No para préstamo Código de colección Localización permanente Ubicación/localización actual Ubicación en estantería Fecha de adquisición Número de inventario Total de préstamos Signatura topográfica completa Código de barras Fecha visto por última vez Precio válido a partir de Tipo de ítem Koha
        Monografías: Libros y Folletos General General En catalogación 03.09.2010 LF1   330.98 R484d, 1980 21292-10 25.06.2020 25.06.2020 Préstamo en sala

Powered by Koha